|
|
|
|
| LEADER |
00000cam a2200000 a 4500 |
| 001 |
vtls011549461 |
| 003 |
SK-MaSNL |
| 005 |
20260301180206.0 |
| 008 |
220422s2016 xo oda f n 100 0 eng |
| 015 |
|
|
|a SNBA2016/06
|
| 020 |
|
|
|a 9788022745444
|q (brož.)
|
| 035 |
|
|
|a urn:nbn:sk:snk-am00bfe2
|
| 035 |
|
|
|a 361AD7BD-973C-4204-AE97-C489B83BECFF
|
| 035 |
|
|
|a urn:nbn:sk:snk-am3hdu5
|
| 035 |
|
|
|a A49EA9B9-CFC1-430C-A180-02604EDA084F
|
| 040 |
|
|
|a SNK
|b slo
|c SNK
|e AACR2
|
| 041 |
0 |
|
|a eng
|
| 044 |
|
|
|a xo
|c SK
|
| 072 |
|
7 |
|a 510
|x Všeobecné úvahy o matematike
|2 konspekt
|
| 080 |
|
|
|a 510.5
|2 2011
|
| 080 |
|
|
|a (062.534)
|2 2011
|
| 111 |
2 |
|
|a Algoritmy
|n (20. :
|d 2016 :
|c Vysoké Tatry - Podbanské, Slovakia)
|9 551113
|
| 245 |
1 |
0 |
|a Algoritmy 2016
|b 20th Conference on Scientific Computing : Vysoké Tatry - Podbanské, Slovakia , March 13-18, 2016 : proceedings of contributed papers and posters
|c editors: Angela Handlovičová, Daniel Ševčovič
|
| 260 |
|
|
|a In Bratislava
|b Slovak University of Technology, Faculty of Civil Engineering
|c [2016]
|
| 300 |
|
|
|a 352 s.
|b fotogr., grafy, ilustr., sch., tab.
|c 25 cm
|
| 366 |
|
|
|e 170 výt.
|
| 504 |
|
|
|a Bibliogr.
|
| 650 |
0 |
7 |
|a algoritmy
|2 SNKPH
|9 3655
|
| 650 |
0 |
7 |
|a Algorithms
|2 SNKPHeng
|9 320238
|
| 655 |
|
7 |
|a zborníky konferencií
|2 SNKPH
|9 70153
|
| 655 |
|
7 |
|a Proceedings of conferences
|2 SNKPHeng
|9 265791
|
| 700 |
1 |
|
|a Handlovičová, Angela
|4 edt
|9 39491
|
| 700 |
1 |
|
|a Ševčovič, Daniel,
|d 1965-
|4 edt
|9 194706
|
| 919 |
|
|
|a 978-80-227-4544-4
|
| 958 |
|
|
|a NB
|
| 999 |
|
|
|c 845413
|d 847343
|
| 952 |
|
|
|a SNK
|b SNK
|y PREZ
|7 0
|p 17A1194414
|o snkSC 169552
|i snk2016/11259
|8 0
|0 0
|1 0
|4 0
|d 2016-05-02
|f 1
|l 0
|r 2026-02-24 04:24:53
|w 2026-02-24
|
| 952 |
|
|
|a SNK
|b SNK
|y VYP
|7 0
|p 17A1194415
|o snkSC 169552 D1
|i snk2016/11262
|8 0
|0 0
|1 0
|4 0
|d 2016-05-02
|l 0
|r 2026-02-24 04:24:53
|w 2026-02-24
|